MARC

LEADER 00000nam0a2200000 4500
001 329219
005 20231102004135.0
035 |a (RuTPU)RU\TPU\book\354961 
090 |a 329219 
100 |a 20170310d1963 k y0rusy50 ca 
101 0 |a rus 
102 |a RU 
105 |a a z 001zy 
200 1 |a Новые машины и приборы для испытания металлов  |e сборник статей  |f под ред. Ф. И. Шора 
210 |a Москва  |c Металлургиздат  |d 1963 
215 |a 200 с.  |c ил. 
320 |a Библиография в конце статей 
606 1 |a Металлы  |x Испытание механическое  |2 stltpush  |3 (RuTPU)RU\TPU\subj\72687  |9 86096 
610 1 |a машины 
610 1 |a приборы 
610 1 |a испытания 
610 1 |a устройства 
610 1 |a твердость 
610 1 |a удар 
610 1 |a жаропрочность 
610 1 |a усталость 
610 1 |a износ 
610 1 |a конструкции 
610 1 |a дефектоскопия 
610 1 |a измерения 
610 1 |a исследования 
610 1 |a статьи 
610 1 |a сборники 
675 |a 669:620.17  |v 4 
702 1 |a Шор  |b Ф. И.  |4 340 
801 1 |a RU  |b 63413507  |c 20170310 
801 2 |a RU  |b 63413507  |c 20170418  |g RCR 
942 |c BK